000 00396 a2200169 4500
001 69415
020 _a9788589526173
040 _cAnchieta - Itaigara
100 _aBarros, Fabiana
240 1 0 _aO mundo mágico de Troglozinho
_lpor
245 1 0 _aO mundo mágico de Troglozinho
300 _a24
362 0 _a2008
440 1 _aKalango
650 4 _aLiteratura infanto-juvenil
942 _cBK
999 _c69415
_d69415